000 00467nam a2200181Ia 4500
008 100920s9999 xx 000 0 und d
082 _b53029
_a7 0
100 _aVASWANI J.P.
245 _aFROM HELL TO HEAVEN.
260 _bMIRA PUBLICATIONS, POONA.
_c0
300 _a159
_bसाधी
365 _b3
520 _aस्टोरी.
630 _aFROM HELL TO HEAVEN.
650 _aस्टोरी.
730 _aFROM HELL TO HEAVEN.
942 _cBOOK
999 _c698226
_d698223